000 00272nam a2200121Ia 4500
008 190216s9999||||xx |||||||||||||| ||und||
100 _aAbdurahiman P M
245 0 _aNavaviyude 40 Hadissukal
260 _bCh Muhammed & Sons
300 _a98p
650 _aArabic
942 _cBK
999 _c74
_d74